Katalog der Flugpost der neuen Deutschen Lufthansa (Record no. 1774)

000 -LEADER
fixed length control field 00448nam a22000977a 4500
008 - FIXED-LENGTH DATA ELEMENTS--GENERAL INFORMATION
fixed length control field 160215b xxu||||| |||| 00| 0 eng d
100 ## - MAIN ENTRY--AUTHOR'S NAME
Author's Name Sieger, Hermann Walter
245 ## - TITLE STATEMENT
Title Katalog der Flugpost der neuen Deutschen Lufthansa
260 ## - PUBLICATION, DISTRIBUTION, ETC. (IMPRINT)
Place of publication, distribution, etc. Lorch/Wurttemberg, Germany
Name of publisher, distributor, etc. Sieger Verlag
Date of publication, distribution, etc. 1976
650 ## - TOPICAL TERM (Tag)
Topical term or geographic name Germany | Germany, West (1945-) | Air Mail | Postal Markings | Covers | Flights | Catalogs and Price Lists | Lufthansa | Airlines | Aeronautics, Commercial
Holdings
Withdrawn status Lost status Source of classification or shelving scheme Damaged status Koha normalized classification for sorting Not for loan Permanent Location Current Location Date acquired Total Checkouts Full call number Barcode Date last seen Price effective from
        G6081 A298 S571   Northern Philatelic Library Northern Philatelic Library 02/15/2016   G6081 .A298 S571 1002024 02/15/2016 02/15/2016

Powered by Koha